Hirudūt yataḥaddathu ʻan Miṣr. (Record no. 49259)

MARC details
000 -LEADER
fixed length control field 00898cam a22002771 4500
001 - CONTROL NUMBER
control field ne 66002032
003 - CONTROL NUMBER IDENTIFIER
control field DLC
005 - DATE AND TIME OF LATEST TRANSACTION
control field 20260227111827.0
008 - FIXED-LENGTH DATA ELEMENTS--GENERAL INFORMATION
fixed length control field 900824s1966 ua b 000 0 arar
010 ## - LIBRARY OF CONGRESS CONTROL NUMBER
LC control number ne 66002032
025 ## - OVERSEAS ACQUISITION NUMBER
Overseas acquisition number PL480:UAR-7178
035 ## - SYSTEM CONTROL NUMBER
System control number (OCoLC)22272524
040 ## - CATALOGING SOURCE
Original cataloging agency DLC
Transcribing agency WaU
Modifying agency WaU
-- DLC
041 1# - LANGUAGE CODE
Language code of text/sound track or separate title ara
Language code of original grc
042 ## - AUTHENTICATION CODE
Authentication code premarc
043 ## - GEOGRAPHIC AREA CODE
Geographic area code f-ua---
050 00 - LIBRARY OF CONGRESS CALL NUMBER
Classification number DT83.A2
Item number H4 1966
100 0# - MAIN ENTRY--PERSONAL NAME
Personal name Herodotus.
245 10 - TITLE STATEMENT
Title Hirudūt yataḥaddathu ʻan Miṣr.
Statement of responsibility, etc. Tarjama al-aḥādīth ʻan al-Ighrīqīyah Muḥammad Ṣaqr Khafājah. Qaddama lahā wa-tawallá sharḥahā Aḥmad Badawī.
260 ## - PUBLICATION, DISTRIBUTION, ETC.
Place of publication, distribution, etc. [al-Qāhirah]
Name of publisher, distributor, etc. Dār al-Qalam,
Date of publication, distribution, etc. 1966.
300 ## - PHYSICAL DESCRIPTION
Extent 337 p.
Dimensions 24 cm.
504 ## - BIBLIOGRAPHY, ETC. NOTE
Bibliography, etc. note Bibliography: p. 317-319.
651 #0 - SUBJECT ADDED ENTRY--GEOGRAPHIC NAME
Geographic name Egypt
General subdivision History
Chronological subdivision To 640 A.D.
700 1# - ADDED ENTRY--PERSONAL NAME
Personal name Khafājah, Muḥammad Ṣaqr,
Relator term tr.
700 1# - ADDED ENTRY--PERSONAL NAME
Personal name Badawī, Aḥmad Muḥammad,
Dates associated with a name 1905-1980.

No items available.

Powered by Koha